Education for social work : (Record no. 82401)

MARC details
000 -LEADER
fixed length control field 00637nam a22002057a 4500
005 - DATE AND TIME OF LATEST TRANSACTION
control field 20140423123537.0
010 ## - LCCN (DPL NO)
LC control number ENG-109254
020 ## - INTERNATIONAL STANDARD BOOK NUMBER
International Standard Book Number 9788181922403
Terms of availability 995.00
035 ## - SYSTEM CONTROL NUMBER
System control number EN-92787
037 ## - SOURCE OF ACQUISITION
Source of stock number/acquisition DBAD/PUB
082 ## - DEWEY DECIMAL CLASSIFICATION NUMBER
Classification number 361.3072
100 ## - MAIN ENTRY--PERSONAL NAME
Personal name Pandey, R.P.
245 ## - TITLE STATEMENT
Title Education for social work :
Statement of responsibility, etc by R.P. Pandey
Remainder of title changing horizons /
250 ## - EDITION STATEMENT
Edition statement
260 ## - PUBLICATION, DISTRIBUTION, ETC. (IMPRINT)
Place of publication, distribution, etc Jaipur
Name of publisher, distributor, etc Sublime Publications
Date of publication, distribution, etc 2013
270 ## - ADDRESS
Address 18, Jain Bhawan, Opp. N.B.C., Shanti Nagar
City Jaipur
Postal code 302006
300 ## - PHYSICAL DESCRIPTION
Extent vi,248p.
Dimensions 22cm(Hb)
500 ## - GENERAL NOTE
General note Includes bibliographical references and index
942 ## - ADDED ENTRY ELEMENTS (KOHA)
Source of classification or shelving scheme Dewey Decimal Classification
Item type English Books
Call number suffix PAN
Classification part 361.3072
Holdings
Withdrawn status Lost status Not for loan Collection code Home library Current library Date acquired Source of acquisition Cost, normal purchase price Full call number Barcode Copy number Cost, replacement price Koha item type
    Not For Loan Non-fiction D.B.Act.Division D.B.Act.Division 10/02/2014 DBAD/PUB 995.00 361.3072 PAN EN-92787 1 995.00 English Books

© Delhi Public Library
Hit Counter
free hit counter